| 000 | 01461nam a2200433 i 4500 | ||
|---|---|---|---|
| 001 | 4455184 | ||
| 003 | EG-ScBUE | ||
| 005 | 20260401095743.0 | ||
| 006 | a||||fr|||| 00| 0 | ||
| 008 | 960408t1996 iauab f bd 001 0 eng d | ||
| 020 | _a0697287327 (Notebook) | ||
| 020 | _a9780697287328 (Notebook) | ||
| 040 |
_aDLC _beng _erda _cDLC _dDLC _dEG-ScBUE |
||
| 082 | 0 | 4 |
_a551 _bPLU _222 |
| 100 | 1 |
_aPlummer, Charles C., _d1937- _eauthor. _97531 |
|
| 245 | 1 | 0 |
_aPhysical geology / _cCharles C. Plummer, David McGeary. |
| 246 | 3 | 4 | _bStudent study art notbook |
| 250 | _aSeventh edition. | ||
| 264 | 1 |
_aDubuque, IA : _bWm. C. Brown Publishers, _c[1996] |
|
| 264 | 4 | _cc1996 | |
| 300 |
_a1 volume (various pagings) : _billustrations (some color) , color maps ; _c29 cm + _e1 CD |
||
| 336 |
_2rdacontent _atext _btxt |
||
| 336 |
_2rdacontent _asounds _bsnd |
||
| 337 |
_aunmediated _2rdamedia _bn |
||
| 337 |
_aaudio _2rdamedia _bs |
||
| 338 |
_avolume _bnc _2rdacarrier |
||
| 338 |
_acomputer disc _bcd _2rdacarrier |
||
| 500 | _aIncludes glossary. | ||
| 500 | _aIncludes appendix. | ||
| 504 | _aIncludes bibliographical references and index. | ||
| 538 | _aSystem requirements for accompanying computer disc: Macintosh; Windows. | ||
| 650 | 7 |
_aPhysical geology. _97532 _2BUEsh |
|
| 650 | 7 |
_aBiology _2BUEsh |
|
| 651 | _2BUEsh | ||
| 653 |
_bENGMEC _cAugust2015 |
||
| 655 | _vReading book | ||
| 700 | 1 |
_aMcGeary, David, _eauthor. _97533 |
|
| 942 |
_2ddc _cBB |
||
| 999 |
_c12190 _d12190 |
||